Demography and democracy:essays on nationalism, gender and ideology (Record no. 443455)

000 -LEADER
fixed length control field 00482cam a22001577a 4500
008 - FIXED-LENGTH DATA ELEMENTS--GENERAL INFORMATION
fixed length control field 180718b2013 xxu||||| |||| 00| 0 eng d
020 ## - INTERNATIONAL STANDARD BOOK NUMBER
International Standard Book Number 9788125042921
082 ## - DEWEY DECIMAL CLASSIFICATION NUMBER
Classification number B262x54 B226
100 ## - MAIN ENTRY--PERSONAL NAME
Personal name Bannerji, Himani
245 ## - TITLE STATEMENT
Title Demography and democracy:essays on nationalism, gender and ideology
Statement of responsibility, etc. by Himani Bannerji
260 ## - PUBLICATION, DISTRIBUTION, ETC.
Place of publication, distribution, etc. New Delhi
Name of publisher, distributor, etc. Orient Blackswan
Date of publication, distribution, etc. 2013
300 ## - PHYSICAL DESCRIPTION
Extent 274p.
650 ## - SUBJECT ADDED ENTRY--TOPICAL TERM
Topical term or geographic name entry element Nationalism --India
650 ## - SUBJECT ADDED ENTRY--TOPICAL TERM
Topical term or geographic name entry element Nationalism and feminism
650 ## - SUBJECT ADDED ENTRY--TOPICAL TERM
Topical term or geographic name entry element Nationalism
Holdings
Withdrawn status Lost status Damaged status Not for loan Permanent Location Current Location Date acquired Full call number Barcode Date last seen Price effective from Koha item type
        Indian Institute of Public Administration Indian Institute of Public Administration 2013-12-10 B262x54 B226 85359 2018-07-21 2018-07-21 Book

Powered by Koha